Statistics for Country Connect: Closest Neighbour with Disappearing Map

Click here to take the quiz!

General Stats

  • This quiz has been taken 232 times
  • The average score is 157 of 196

Answers on the Map

Answers color-coded by a green-red scale on the quiz's map according to % correct below.
Loading ...
 

Answer Stats

HintHintL/D (km)Country% Correct
218384828Chile
99%
2343735300Argentina
99%
248.9339.71880Paraguay
97%
2662941290Brazil
96%
2322352050Venezuela
95%
254.4248.1600Suriname
95%
248242743Guyana
95%
216.3247.51496Colombia
95%
208292900Peru
95%
2363193400Bolivia
95%
386105510France
94%
372127.5623Spain
93%
361.7127.61214Portugal
93%
366153.5203Morocco
92%
384.2167.21601Algeria
92%
344216740Gambia
91%
353.3224.262Guinea
91%
354195.52237Mauritania
91%
347212813Senegal
91%
377202.21376Mali
91%
453.1256.6933Uganda
90%
459.1282.5608Tanzania
90%
447325797Zimbabwe
90%
438310837Zambia
90%
4563071569Malawi
90%
467309.5105Mozambique
90%
451.3350.1279Swaziland
90%
444360.5909Lesotho
90%
4313651840South Africa
90%
435336.11360Botswana
90%
4183281376Namibia
90%
420301.22511Angola
90%
433267.2765Democratic Republic of the Congo
90%
398230.8773Nigeria
90%
465.8259.9682Kenya
90%
385.7225644Benin
90%
354232.9652Sierra Leone
90%
359.2239.6306Liberia
90%
368235.9716Ivory Coast
90%
378.2234.5668Ghana
90%
4882301600Somalia
90%
383232.4877Togo
90%
422.6209.41094Chad
90%
448.5209.51360Sudan
90%
449.6239.51937South Sudan
90%
470234.2883Ethiopia
90%
4072471690Cameroon
89%
447.8272.6451Burundi
89%
447.8267.7290Rwanda
89%
427.6239757Central African Republic
89%
403.3203.91192Niger
88%
326.7206.9759Cape Verde
88%
416.9260.5467Republic of the Congo
88%
395.5260.6209São Tomé and Príncipe
88%
406.52641903Gabon
88%
404255.8350Equatorial Guinea
88%
377219628Burkina Faso
87%
347.7220.3902Guinea-Bissau
87%
501.3152.5992Iran
83%
480.5125268Armenia
83%
460.3130.6822Turkey
83%
467143760Syria
83%
487162.9325Kuwait
83%
495.7176.240Qatar
83%
502182.5410United Arab Emirates
83%
509.33187.2288Oman
83%
488.3208.21458Yemen
83%
482.1179.9814Saudi Arabia
83%
478.8149.91458Iraq
83%
494.317434Bahrain
83%
36382.5360Ireland
83%
5331006846Kazakhstan
83%
577521576Russia
83%
450.696526Ukraine
83%
423.687.1658Poland
83%
41493.8815Czech Republic
83%
40489.9577Germany
83%
39386.9450Netherlands
83%
39191621Belgium
83%
377862714United Kingdom
83%
479120322Georgia
82%
525122.52203Uzbekistan
82%
513130.61621Turkmenistan
82%
487.6125787Azerbaijan
82%
443.481.2502Belarus
81%
429.5121.7159Macedonia
81%
43870.6339Latvia
81%
42398270Slovakia
81%
424.4103.1677Hungary
81%
427.6113151Serbia
81%
427.5118.5352Kosovo
81%
401148459Tunisia
81%
444.4102578Moldova
81%
455.3143.71185Cyprus
81%
461.7146.8167Lebanon
81%
45915779Israel
81%
462.3158.9335Jordan
81%
447171.37Egypt
81%
419.3172.91115Libya
81%
412.9141.1288Malta
81%
434.376.3453Lithuania
81%
414.360.57Sweden
81%
43964.860Estonia
81%
418108932Croatia
81%
43752736Finland
81%
436.7107.1843Romania
81%
437.8117.9608Bulgaria
81%
430129494Greece
81%
425.5124282Albania
81%
423.7117.8172Montenegro
81%
421113225Bosnia and Herzegovina
81%
413106.5670Slovenia
81%
414.2100.9330Austria
81%
416.4124.2430Italy
81%
398.4103.5740Switzerland
81%
402103.141Liechtenstein
81%
394.394.2338Luxembourg
81%
401.573.5556Denmark
81%
401.7571619Norway
81%
1531298893United States
80%
1511823141Mexico
80%
143661646Canada
80%
184.5210.759Honduras
79%
180.9203.6266Belize
79%
177.4210962Guatemala
79%
188.2218.1922Nicaragua
79%
341432628Iceland
79%
397.2114.5399Monaco
79%
408.5113.9220San Marino
79%
408.5120.7665Vatican City
79%
384118.7476Andorra
79%
192228309Costa Rica
78%
198232.5330Panama
78%
209180.9200Bahamas
77%
206200.2417Jamaica
77%
206190.2932Cuba
77%
204265.5647Ecuador
77%
180.42151477El Salvador
77%
21819688Haiti
76%
221197360Dominican Republic
76%
239.4203.41419Saint Kitts and Nevis
76%
241.420468Antigua and Barbuda
76%
242.5226.6129Trinidad and Tobago
75%
246.5217220Barbados
75%
254.9370.24783Uruguay
74%
242.4209.5154Dominica
74%
241.6220.659Grenada
74%
242.7216.844Saint Vincent and the Grenadines
74%
243.2214.6129Saint Lucia
74%
635.5264820Indonesia
72%
610.3247.21782Malaysia
72%
608207.9506Thailand
72%
597188.51800Myanmar
72%
615140.92185China
72%
614.2104.14677Mongolia
72%
652.9182.1189Taiwan
71%
624.3219.9932Vietnam
71%
638.6246.1378Brunei
71%
657220.6159Philippines
71%
6833429041Australia
71%
693.314057Japan
71%
669139238South Korea
71%
665.7127775North Korea
71%
703.7282.493Papua New Guinea
71%
610.3194.92130Laos
70%
616219.1541Cambodia
70%
614.2256.7993Singapore
70%
556185.91242India
68%
583181.84053Bangladesh
68%
569.8166.525Nepal
68%
584.1169.468Bhutan
68%
535.7164.21408Pakistan
68%
528149.22430Afghanistan
68%
545.2133.51206Tajikistan
68%
548122870Kyrgyzstan
68%
479.4301.4397Comoros
67%
486324.31061Madagascar
67%
505.52772169Seychelles
67%
545.9248.9755Maldives
67%
562235.33342Sri Lanka
67%
510.1329.11627Mauritius
66%
476.4221.63785Djibouti
66%
466.3209.2109Eritrea
66%
664.3290.89272East Timor
63%
776.7391.9422New Zealand
61%
798.1328.7749Tonga
61%
760.6232.2667Marshall Islands
61%
717.7235.2420Federated States of Micronesia
61%
680.5241.31333Palau
61%
21272443Kiribati
60%
756.2263.4288Nauru
60%
742.12951097Solomon Islands
60%
755.5318.6233Vanuatu
60%
782.9320.1515Fiji
60%
804.5282.8318Tuvalu
60%
802.8307.7471Samoa
60%

Score Distribution

Percentile by Number Answered

Percent of People with Each Score

Your Score History

You have not taken this quiz